Hieronymus Bosch : (Record no. 193559)
[ view plain ]
| 000 -LEADER | |
|---|---|
| campo de control de longitud fija | 01251cam a2200313 i 4500 |
| 001 - NÚMERO DE CONTROL | |
| campo de control | 193559 |
| 003 - IDENTIFICADOR DE NÚMERO DE CONTROL | |
| campo de control | SpMaBN |
| 005 - FECHA Y HORA DE LA ÚLTIMA TRANSACCIÓN | |
| campo de control | 20250901122758.0 |
| 007 - CAMPO FIJO DE DESCRIPCIÓN FÍSICA--INFORMACIÓN GENERAL | |
| campo de control de longitud fija | ta |
| 008 - DATOS DE LONGITUD FIJA--INFORMACIÓN GENERAL | |
| campo de control de longitud fija | 240115s1914 be fre |
| 016 7# - NÚMERO DE CONTROL DE UNA AGENCIA BIBLIOGRÁFICA NACIONAL | |
| Número de control del registro | bimoBNE19983232112 |
| Número de control cancelado/no válido | IND9200482440 |
| Fuente | SpMaBN |
| 035 ## - NÚMERO DE CONTROL DEL SISTEMA | |
| Número de control de sistema | (OCoLC)733646981 |
| 035 ## - NÚMERO DE CONTROL DEL SISTEMA | |
| Número de control de sistema | bimo0001074197 |
| 040 ## - FUENTE DE CATALOGACIÓN | |
| Centro catalogador/agencia de origen | SpMaBN |
| Lengua de catalogación | spa |
| Centro/agencia transcriptor | A2 |
| Centro/agencia modificador | ES-MaACL |
| 080 ## - NÚMERO DE LA CLASIFICACIÓN DECIMAL UNIVERSAL | |
| Número de la Clasificación Decimal Universal | 75 Bosch, Hieronymus |
| 100 0# - ENTRADA PRINCIPAL--NOMBRE DE PERSONA | |
| Nombre de persona | Lafond, Paul |
| Número de control del registro de autoridad o número normalizado | XX867762 |
| 9 (RLIN) | 69502 |
| Término indicativo de función/relación | Autor |
| 245 10 - MENCIÓN DEL TÍTULO | |
| Título | Hieronymus Bosch : |
| Resto del título | son art, son influence, ses disciples / |
| Mención de responsabilidad, etc. | par Paul Lafond. |
| 260 ## - PUBLICACIÓN, DISTRIBUCIÓN, ETC. | |
| Lugar de publicación, distribución, etc. | Bruxelles ; |
| Nombre del editor, distribuidor, etc. | G. Van Oest & Cie, |
| Fecha de publicación, distribución, etc. | MCMXIV [1914] |
| Lugar de fabricación/manufactura | (Anvers : |
| Fabricante | J.E. Buschmann) |
| 300 ## - DESCRIPCIÓN FÍSICA | |
| Extensión | 2 h., 128 p., 109 lám. ; |
| Dimensiones | Fol. (36 cm) |
| 336 ## - TIPO DE CONTENIDO | |
| Fuente | rdacontent |
| Término de tipo de contenido | Texto |
| 337 ## - TIPO DE MEDIO | |
| Fuente | rdamedia |
| Nombre/término del tipo de medio | sin mediación |
| 338 ## - TIPO DE SOPORTE | |
| Fuente | rdacarrier |
| Nombre/término del tipo de soporte | volumen |
| 600 14 - PUNTO DE ACCESO ADICIONAL DE MATERIA--NOMBRE DE PERSONA | |
| Nombre de persona | Bosch, Hieronymus, |
| Fechas asociadas al nombre | aproximadamente 1450-1516 |
| 9 (RLIN) | 30638 |
| 852 ## - LOCALIZACIÓN | |
| Ubicación | ES-MaACL |
| Sublocalización o colección | R.M.2 |
| Número de control de estantería | D-2 |
| itemnumber | 91240 |
| Ubicación en estantería | Sala Valle Inclán |
| Marcas de propiedad | Sello en tinta en portada: "Ateneo de Madrid. Biblioteca" |
| Nota libre | Revisado enlace: 1 de septiembre de2025 |
| 856 4# - LOCALIZACIÓN Y ACCESO ELECTRÓNICOS | |
| Identificador Uniforme de Recursos | <a href="https://archive.org/details/hieronymusboschs00lafo">https://archive.org/details/hieronymusboschs00lafo</a> |
| Texto de enlace | Internet Archive |
| 942 ## - ELEMENTOS DE ENTRADA SECUNDARIOS (KOHA) | |
| Suprimir en OPAC | No |
| Tipo de ítem Koha | Libro impreso |
| Estatus retirado | Estado de pérdida | Fuente del sistema de clasificación o colocación | Estado de daño | No para préstamo | Biblioteca de origen | Biblioteca actual | Ubicación en estantería | Fecha de adquisición | Número de inventario | Total de préstamos | Signatura topográfica completa | Código de barras | Visto por última vez | Precio de reemplazo | Tipo de ítem Koha | Nota pública |
|---|---|---|---|---|---|---|---|---|---|---|---|---|---|---|---|---|
| Clasificación decimal universal | Biblioteca del Ateneo de Madrid | Biblioteca del Ateneo de Madrid | Sala Valle Inclán | 17/01/2008 | R.M.2 | D-2 | 901091948 | 23/02/2023 | 23/02/2023 | Libro impreso | D-2. -- Sello en tinta en portada: "Ateneo de Madrid. Biblioteca" |
